Sabrina Carpenter: Complete Discography - Statistics

General Stats
  • This quiz has been taken 232 times
    35 since last reset
  • The average score is 44 of 118
Answer Stats
Album Song % Correct
Man's Best Friend Manchild
97%
Short n' Sweet Taste
93%
Short n' Sweet Don't Smile
90%
Short n' Sweet Espresso
90%
Man's Best Friend House Tour
90%
Short n' Sweet Juno
90%
Emails I Can't Send Nonsense
90%
Short n' Sweet Please Please Please
90%
Emails I Can't Send (Bonus) Feather
86%
Evolution Thumbs
86%
Emails I Can't Send Emails I Can't Send
83%
Short n' Sweet Bed Chem
79%
Man's Best Friend Goodbye
79%
Man's Best Friend Sugar Talking
79%
Short n' Sweet Coincidence
76%
Man's Best Friend Nobody's Son
76%
Man's Best Friend Tears
76%
Emails I Can't Send Because I Liked A Boy
72%
Short n' Sweet (Bonus) Busy Woman
72%
Man's Best Friend Go Go Juice
72%
Man's Best Friend My Man On Willpower
72%
Man's Best Friend When Did You Get Hot?
72%
Short n' Sweet (Bonus) 15 Minutes
69%
Eyes Wide Open Eyes Wide Open
69%
Short n' Sweet Sharpest Tool
69%
Man's Best Friend (Bonus) Such A Funny Way
69%
Man's Best Friend Don't Worry I'll Make You Worry
66%
Short n' Sweet Good Graces
66%
Short n' Sweet Slim Pickins
66%
Man's Best Friend We Almost Broke Up Again Last Night
66%
Man's Best Friend Never Getting Laid
62%
Singles Skin
59%
Short n' Sweet (Bonus) Bad Reviews
55%
Short n' Sweet (Bonus) Couldn't Make It Any Harder
55%
Short n' Sweet Dumb & Poetic
55%
Short n' Sweet Lie To Girls
55%
Emails I Can't Send Read Your Mind
55%
Fruitcake A Nonsense Christmas
52%
Fruitcake Cindy Lou Who
52%
Singular: Act I Paris
52%
Emails I Can't Send Skinny Dipping
52%
Emails I Can't Send Vicious
52%
Eyes Wide Open Can't Blame A Girl For Trying
48%
Emails I Can't Send (Bonus) Opposite
48%
Emails I Can't Send Tornado Warnings
48%
Emails I Can't Send Bad For Business
45%
Fruitcake Buy Me Presents
45%
Emails I Can't Send (Bonus) Lonesome
45%
Singular: Act II Looking At Me
45%
Singular: Act I Sue Me
45%
Emails I Can't Send (Bonus) Things I Wish You Said
45%
Emails I Can't Send Fast Times
41%
Emails I Can't Send Already Over
38%
Emails I Can't Send How Many Things
34%
Emails I Can't Send Bet U Wanna
31%
Emails I Can't Send Decode
31%
Singular: Act I Diamonds Are Forever
31%
Fruitcake Is It New Years Yet?
31%
Singular: Act I Mona Lisa
31%
Evolution On Purpose
31%
Fruitcake Santa Doesn't Know You Like I Do
31%
Singles Honeymoon Fades
28%
Duets / Collaborations On My Way
28%
Singular: Act II Pushing 20
28%
Singular: Act II Exhale
24%
Singular: Act II In My Bed
24%
Singles Smoke And Fire
24%
Singular: Act I (Bonus) Why
24%
Singular: Act II I Can't Stop Me
21%
Singular: Act I Prfct
21%
Evolution Space
21%
Singular: Act I (Bonus) Alien
17%
Evolution All We Have Is Love
17%
Singular: Act I Almost Love
17%
Duets / Collaborations Bring Your Love
17%
Evolution Run And Hide
17%
Eyes Wide Open Seamless
17%
Evolution Shadows
17%
Eyes Wide Open The Middle Of Starting Over
17%
Eyes Wide Open Too Young
17%
Eyes Wide Open We'll Be The Stars
17%
Eyes Wide Open White Flag
17%
Eyes Wide Open Best Thing I Got
14%
Singular: Act II I'm Fakin'
14%
Singular: Act II Take Off All Your Cool
14%
Soundtracks Take On The World
14%
Singular: Act II Take You Back
14%
Soundtracks Wildside
14%
Features You Need Me Now?
14%
Eyes Wide Open Your Love's Like
14%
Eyes Wide Open Darling I'm A Mess
10%
Evolution Don't Want It Back
10%
Evolution Mirage
10%
Short n' Sweet (Bonus) Needless To Say
10%
Evolution No Words
10%
Eyes Wide Open Right Now
10%
Singular: Act II Tell Em
10%
Soundtracks Tomorrow Starts Today
10%
Eyes Wide Open Two Young Hearts
10%
Singular: Act I Bad Time
7%
Evolution Feels Like Loneliness
7%
Features First Love
7%
Duets / Collaborations Hands
7%
Soundtracks Rescue Me
7%
Duets / Collaborations Colorful
3%
Singles Fall Apart
3%
Singular: Act I Hold Tight
3%
Soundtracks Perfect Song
3%
Singles Silver Nights
3%
Soundtracks Smile
3%
Singles Stand Out
3%
Features Tricky
3%
Soundtracks All You Need
0%
Singles Catch My Breath
0%
Soundtracks It's Finally Christmas
0%
Soundtracks Let Me Love You
0%
Soundtracks Lie For Love
0%
Soundtracks Your Name
0%
No matching quizzes found
Score Distribution
Percent of People with Each Score
Percentile by Number Answered
Your Score History
You have not taken this quiz since the last reset